[Event "Olongapo City op-B"]
[Site "Olongapo City"]
[Date "2015.11.11"]
[Round "4"]
[White "Graspela, Coellier"]
[Black "Valdez, Jemima"]
[Result "1-0"]
[WhiteElo "2011"]
[BlackElo "1720"]
[PlyCount "65"]
[EventDate "2015.11.09"]
[EventType "swiss"]
[EventRounds "10"]
[EventCountry "PHI"]
[SourceTitle "EXT 2017"]
[Source "ChessBase"]
[SourceDate "2016.10.25"]
[SourceVersion "1"]
[SourceVersionDate "2016.10.25"]
[SourceQuality "1"]

1. e4 e6 2. d4 d5 3. Nd2 c5 4. Ngf3 cxd4 5. Nxd4 Bc5 6. N2b3 Bxd4 7. Qxd4 f6 8. Be3 Ne7 9. 0-0-0 0-0 10. exd5 exd5 11. Bc4 Qc7 12. Bxd5+ Nxd5 13. Qxd5+ Kh8 14. Bc5 Rg8 15. Rhe1 Nc6 16. Kb1 Bg4 17. f3 Rad8 18. Bd6 Rxd6 19. Qxd6 Qxd6 20. Rxd6 Bf5 21. g4 Bg6 22. f4 h6 23. Nc5 Rb8 24. Nxb7 Bxc2+ 25. Kxc2 Nb4+ 26. Kb1 Rxb7 27. a3 a5 28. Re8+ Kh7 29. f5 h5 30. Rdd8 Kh6 31. h4 g5 32. Rh8+ Kg7 33. gxh5 1-0